000 00659nam a22002177a 4500
003 DO-SdBNP
005 20240529132238.0
007 ta
008 211125b1980 dr ||||| |||| 00| 0 spa d
040 _aDO-SdBNP
_bspa
_cBNPHU
_erda
082 4 _a861.4
_bA162m
_222
100 1 _aAbreu Germosén, Noé
_980732
245 1 0 _aMapa literario de Tamboril /
_cNoé Abreu Germosén.
260 _aSanto Domingo :
_b[s.n],
_c1980.
300 _a30 p. ;
_c21 cm.
590 _aInventariado, 2021 /LP
650 0 _aPoesía dominicana
_978060
650 0 _aLiteratura dominicana.
_967
910 _aLopérez. Validado. Control de Calidad /MAA
942 _2ddc
_cLBS1
999 _c51038
_d51038